000 00508nam a2200181Ia 4500
005 20250326125344.0
008 250326s9999 xx 000 0 und d
037 _aTextbook
040 _aFMSL
_beng
_cFMSL
041 _aeng
_2eng
084 _aX8(E) L3
_qFMSL
100 _aChecker S K
_9738926
245 0 _a400 small scale chemical process industries
_cChecker S K
260 _aDelhi
_bDelhi, Small Business
_c1973
300 _a403p
942 _cTB
_hX8(E) L3
999 _c1277670
_d1277670